| 000 | 01100nam a2200217Ia 4500 | ||
|---|---|---|---|
| 003 | Ost | ||
| 005 | 20260507075505.0 | ||
| 008 | 260507s9999||||xx |||||||||||||| ||und|| | ||
| 020 | _a9789957331658 | ||
| 040 | _cfsecg | ||
| 041 | _aara | ||
| 082 | _a350 | ||
| 100 |
_aالملكاوي، إبراهيم الخلوف _eمؤلف |
||
| 245 | 0 |
_aإدارة الأداء بإستخدام بطاقة الأداء المتوازن / _c إبراهيم الخلوف الملكاوي |
|
| 260 |
_aعمان: _bمؤسسة الوراق للنشر, _c2008 |
||
| 300 |
_a256 صفحة؛ _bإيضاحات ؛ _c24 سم |
||
| 504 | _aببليوغرافيا:ص ص.255-256 | ||
| 520 | _aبطاقة الأداء المتوازن،المنظور المالي،منظور العملاء،محور العمليات،محور التعلم والنمو،ربط بطاقة الأداء بالإستراتيجية،كيفية تطوير بطاقة الأداء المتوازن،حالة عملية حول تصميم وتطبيق بطاقات الأداء المتوازن | ||
| 653 | _aالإدارة | ||
| 942 | _cكتاب | ||
| 999 |
_c44713 _d44713 |
||